Coppa Italia Winners - Statistics

General Stats
  • This quiz has been taken 443 times
    194 since last reset
  • The average score is 72 of 77
Answer Stats
Year Winner % Correct
1939 Inter Milan
100%
1978 Inter Milan
100%
1982 Inter Milan
100%
2005 Inter Milan
100%
2006 Inter Milan
100%
2010 Inter Milan
100%
2011 Inter Milan
100%
2022 Inter Milan
100%
2023 Inter Milan
100%
1938 Juventus
100%
1942 Juventus
100%
1959 Juventus
100%
1960 Juventus
100%
1965 Juventus
100%
1979 Juventus
100%
1983 Juventus
100%
1990 Juventus
100%
1995 Juventus
100%
2015 Juventus
100%
2016 Juventus
100%
2017 Juventus
100%
2018 Juventus
100%
2021 Juventus
100%
2024 Juventus
100%
1967 AC Milan
99%
1972 AC Milan
99%
1973 AC Milan
99%
1977 AC Milan
99%
2003 AC Milan
99%
1964 AS Roma
98%
1969 AS Roma
98%
1980 AS Roma
98%
1981 AS Roma
98%
1984 AS Roma
98%
1986 AS Roma
98%
1991 AS Roma
98%
2007 AS Roma
98%
2008 AS Roma
98%
1958 Lazio
98%
1998 Lazio
98%
2000 Lazio
98%
2004 Lazio
98%
2009 Lazio
98%
2013 Lazio
98%
2019 Lazio
98%
1962 Napoli
96%
1976 Napoli
96%
1987 Napoli
96%
2012 Napoli
96%
2014 Napoli
96%
2020 Napoli
96%
1970 Bologna
93%
1974 Bologna
93%
2025 Bologna
93%
1940 Fiorentina
92%
1961 Fiorentina
92%
1966 Fiorentina
92%
1975 Fiorentina
92%
1996 Fiorentina
92%
2001 Fiorentina
92%
1992 Parma
90%
1999 Parma
90%
2002 Parma
90%
1963 Atalanta
87%
1936 Torino
87%
1943 Torino
87%
1968 Torino
87%
1971 Torino
87%
1993 Torino
87%
1937 Genoa
85%
1985 Sampdoria
82%
1988 Sampdoria
82%
1989 Sampdoria
82%
1994 Sampdoria
82%
1941 Venezia
52%
1997 Vicenza
32%
1923 Vado
22%
No matching quizzes found
Score Distribution
Percent of People with Each Score
Percentile by Number Answered
Your Score History
You have not taken this quiz since the last reset